Central Library OPAC University of Rajshahi

Handbook of cereal science and technology / (Record no. 67446)

MARC details
000 -LEADER
fixed length control field 01085nam a2200301 a 4500
001 - CONTROL NUMBER
control field 67446
003 - CONTROL NUMBER IDENTIFIER
rucl marc code BD-RjUL
005 - DATE AND TIME OF LATEST TRANSACTION
control field 20211209081645.0
008 - FIXED-LENGTH DATA ELEMENTS--GENERAL INFORMATION
fixed length control field 170325s2000 nyua b 001 0 eng
020 ## - INTERNATIONAL STANDARD BOOK NUMBER
International Standard Book Number 0824782941 (alk. paper)
035 ## - SYSTEM CONTROL NUMBER
System control number (BD-RjUL)67577
040 ## - CATALOGING SOURCE
Original cataloging agency DLC
Transcribing agency DLC
Modifying agency DLC
-- BD-RjUL
Language of cataloging eng
041 ## - LANGUAGE CODE
Language code of text/sound track or separate title eng
082 00 - DEWEY DECIMAL CLASSIFICATION NUMBER
Classification number 633.1
Edition number 23
Author mark and year HAN 2000
245 00 - TITLE STATEMENT
Title Handbook of cereal science and technology /
Statement of responsibility, etc. edited by Karel Kulp and Joseph G. Ponte
246 30 - VARYING FORM OF TITLE
Title proper/short title Cereal science and technology
250 ## - EDITION STATEMENT
Edition statement 2nd ed., rev. and expanded
260 ## - PUBLICATION, DISTRIBUTION, ETC. (IMPRINT)
Place of publication, distribution, etc. New York :
Name of publisher, distributor, etc. Marcel Dekker,
Date of publication, distribution, etc. c2000.
300 ## - PHYSICAL DESCRIPTION
Pagination ix, 790 p. :
Illustrations ill. ;
Size 29 cm.
490 1# - SERIES STATEMENT
Series statement Food science and technology ;
Volume/sequential designation v. 99
504 ## - BIBLIOGRAPHY, ETC. NOTE
Bibliography, etc Includes bibliographical references and index.
650 #0 - SUBJECT ADDED ENTRY--TOPICAL TERM
Topical term or geographic name as entry element Cereal products.
9 (RLIN) 199854
700 1# - ADDED ENTRY--PERSONAL NAME
Personal name Kulp, Karel.
Personal name Ponte, Joseph G.,
Dates associated with a name 1925-
830 #0 - SERIES ADDED ENTRY--UNIFORM TITLE
Uniform title Food science and technology (Marcel Dekker, Inc.) ;
Volume number/sequential designation v. 99.
856 42 - ELECTRONIC LOCATION AND ACCESS
Materials specified Publisher description
Uniform Resource Identifier <a href="http://www.loc.gov/catdir/enhancements/fy0745/00022903-d.html">http://www.loc.gov/catdir/enhancements/fy0745/00022903-d.html</a>
942 ## - ADDED ENTRY ELEMENTS (KOHA)
Source of classification or shelving scheme Dewey Decimal Classification
Koha item type Books
Holdings
Lost status Source of classification or shelving scheme Damaged status Not for loan Collection code Permanent Location Current Location Shelving location Date acquired Source of acquisition Cost, normal purchase price Total Checkouts Full call number Date last seen Copy number Koha item type
  Dewey Decimal Classification   Not For Loan Non-fiction Central Library, University of Rajshahi Central Library, University of Rajshahi Reading Room 19/04/2009 Dhaka, Paragon Enterprise ltd. 249.45   633.1 HAN 2000 25/03/2017 C-1 Books